000
00297nam a22001337a 4500
008
170401b xxu||||| |||| 00| 0 eng d
020
_a
x000ibk4j9
041
_a
eng
080
_a
574
100
_a
8
101
_a
SHM
245
_a
EVOLUTION, DIVERSITY, AND ECOLOGY
_c
RAVEN, P.H
942
_2
udc
_c
BK
999
_c
9404
_d
9404